000
00252 a2200097 4500
001
52304
100
_a
Chou Tsu-Der
245
_a
Computer Programming in Basic with Business Applications
260
_a
New York
_b
Harper & Row
_c
090
_c
32936
_d
32936
942
_a
NUST-CAE
_c
M
_c
25487
999
_c
287377
_d
287377